| 000 | 01362cam a22003135a 4500 | ||
|---|---|---|---|
| 001 | L158356 | ||
| 008 | 131008s2014 xxk f 000 0 eng d | ||
| 020 | _a9781848063853 | ||
| 020 |
_a9781848063921 _q(4-part set) |
||
| 035 | _a(Sirsi) u158356 | ||
| 041 | 0 | _aeng | |
| 100 | 1 | _aHolden, John | |
| 245 | 0 | 0 |
_aRenewable energy sources _bHow they work and what they deliver _nPart 4 _pSolar thermal hot water systems |
| 260 |
_aWatford _bBRE _c2014 |
||
| 300 |
_a4p. _bill. _c30cm. |
||
| 490 | 0 |
_aBRE Digest _v(DG 532-4) |
|
| 520 | _aDescribes the different types of solar thermal systems and how they operate. Installation requirements, including integration with the building's hot water system and the steps that should be taken to ensure their safe and efficient operation, are also discussed and methods for estimating their annual energy performance are identified. | ||
| 520 | _aDepartment of Energy and Climate Change (DECC), installation standards and product certification scheme requirements available at www.microgenerationcertification.org. | ||
| 521 | _aAdvanced | ||
| 590 | _aKA | ||
| 650 | 2 | 4 | _aMicrogeneration Certification Scheme |
| 650 | 2 | 4 | _aRENEWABLE HEAT INCENTIVE |
| 650 | 2 | 4 | _aGREEN DEAL |
| 651 | 4 | _aENGLAND AND WALES | |
| 690 |
_aRenewables _96265 |
||
| 690 |
_aEnergy _96237 |
||
| 700 | 1 | _aRobinson, Patrick | |
| 942 | _n0 | ||
| 999 |
_c115277 _d115277 |
||